| 000 | 01347cam a22003374a 4500 | ||
|---|---|---|---|
| 999 |
_c6669 _d6669 |
||
| 001 | 14179389 | ||
| 003 | OSt | ||
| 005 | 20200224155212.0 | ||
| 008 | 051123s2006 caua b 001 0 eng | ||
| 010 | _a 2005057239 | ||
| 020 | _a0125870736 (alk. paper) | ||
| 035 | _a(OCoLC)ocm62509327 | ||
| 040 |
_aDLC _cDLC _dYDX _dBAKER _dIAK _dDLC |
||
| 042 | _apcc | ||
| 082 | 0 | 0 |
_a548 _222 _bRHO 2006 |
| 100 | 1 |
_aRhodes, Gale. _913710 |
|
| 245 | 1 | 0 |
_aCrystallography made crystal clear : _ba guide for users of macromolecular models / _cGale Rhodes. |
| 250 | _a3rd ed. | ||
| 260 |
_aAmsterdam ; _aBoston : _bElsevier/Academic Press, _c2006. |
||
| 300 |
_axxv, 306 p. : _bcol.ill ; _c23 cm. |
||
| 440 | 0 |
_aComplementary science series _913711 |
|
| 504 | _aIncludes bibliographical references and index. | ||
| 650 | 0 |
_aX-ray crystallography. _913712 |
|
| 650 | 0 |
_aMacromolecules _xStructure. _913713 |
|
| 650 | 0 |
_aProteins _xStructure. _913714 |
|
| 856 | 4 | 2 |
_3Publisher description _uhttp://www.loc.gov/catdir/enhancements/fy0661/2005057239-d.html |
| 856 | 4 | 1 |
_3Table of contents only _uhttp://www.loc.gov/catdir/enhancements/fy0626/2005057239-t.html |
| 906 |
_a7 _bcbc _corignew _d1 _eocip _f20 _gy-gencatlg |
||
| 942 |
_2ddc _cO_SHELF |
||